000 00692cab a2200253 4500
001 ABS53921
008 090401t1995 xxu||||| |||| 00| 0 eng d
035 _a(Sirsi) u7423
041 _aeng
100 _aCarter, A.
245 _aSpace craft
260 _c1995
350 _a0
490 _aProperty Week
_v53(7) 16 November 1995, 37(1)
520 _aDiscusses the options available for the occupier who has excess space, including sub-letting and factoring.
650 _aDISPOSAL
650 _aEXCESS SPACE
650 _aOFFICE SPACE
650 _aSUB-LETTING
650 _aSURPLUS PROPERTY
690 _aCOMMERCIAL PROPERTY-MANAGEMENT
942 _n0
948 _c04/03/1997
999 _c4485
_d4485